000 00330nam a2200133Ia 4500
008 191201s1959 xx 000 0 und d
082 _a677.022
_bMEC
100 _aMERRILL, Gilbert R
245 0 _aCotton Ring Spinning
260 _aN.Delhi
_bVarnum Ave Lowell, M
_c1959
300 _a167
650 _aB.Tech(TE)
942 _2ddc
_cBK
999 _c2235
_d2235